| 000 | 00560nam a2200181 i 4500 | ||
|---|---|---|---|
| 001 | 40914 | ||
| 003 | ES-MaACL | ||
| 007 | t| | ||
| 008 | 030307s1987 sp ||||1| spa d | ||
| 020 | _a84-398-8794-9 | ||
| 100 | 1 |
_aCarol, Máarius. _9126346 |
|
| 245 | 1 | 0 |
_aDiseño Barcelona / _ctextos, Máarius Carol ; diseño gráfico, Saura-Torrente. |
| 260 |
_aBarcelona : _bFundación BCD, _c[1987] |
||
| 300 |
_a105 p. : _bil. ; _c24 cm. |
||
| 700 | 1 |
_aSaura-Torrente. _9104005 |
|
| 710 | 2 |
_aFundación BCD (Barcelona) _94231 |
|
| 852 |
_aES-MaACL _jG-1179 _bR.114373 |
||
| 999 |
_c40914 _d40914 |
||